Si el producto ya no es el rey ¿quién?: los canales de distribución. Cómo las compañías líderes crean nuevas estrategias para servir a los clientes
Guardat en:
| Autors principals: | , |
|---|---|
| Format: | Llibre |
| Idioma: | espanyol |
| Publicat: |
Bogotá
Norma
2000
|
| Edició: | 1a. ed |
| Matèries: | |
| Etiquetes: |
Afegir etiqueta
Sense etiquetes, Sigues el primer a etiquetar aquest registre!
|
MARC
| LEADER | 00000cam a2200000 a 4500 | ||
|---|---|---|---|
| 001 | UCD5328 | ||
| 003 | CL-VaPUC | ||
| 008 | 160902e20000000ck |||||||||||||||||spa|d | ||
| 020 | |a 9580457522 | ||
| 082 | 0 | 4 | |a 658.788 |b WHE |2 21 |
| 100 | 0 | |a Wheeler, Steven |e author |9 589113 | |
| 700 | 0 | |a Hirsh, Evan |e author |9 589114 | |
| 245 | 1 | 0 | |a Si el producto ya no es el rey ¿quién?: los canales de distribución. Cómo las compañías líderes crean nuevas estrategias para servir a los clientes |
| 250 | |a 1a. ed | ||
| 300 | |a 214 p | ||
| 942 | |c BK | ||
| 945 | |d 20160902 15:38:00 |a dcastane | ||
| 260 | |a Bogotá |b Norma |c 2000 | ||
| 650 | 7 | |a CANALES DE DISTRIBUCION |2 CL-VaPUC |9 589115 | |
| 583 | |a last modification |c 20160902 15:38:00 |k Rodrigo Vera | ||
| 999 | |c 366046 |d 366044 | ||